| 000 | 01377cam a2200373 i 4500 | ||
|---|---|---|---|
| 001 | 61023 | ||
| 003 | Mx-PuUPA | ||
| 005 | 20250625111559.0 | ||
| 008 | 140415s2007 sp gr 000 0 spa d | ||
| 017 | _aNA 627-2007 | ||
| 020 | _a9788431324469 | ||
| 040 |
_aMx-PuUPA _bspa _cMx-PuUPA _dMx-PuUPA _erda |
||
| 041 | 1 |
_aspa _hita |
|
| 100 | 0 |
_aNicholas, _cof Cusa, Cardinal, _d1401-1464 _eautor _98008 |
|
| 240 | 1 | 3 |
_aDe visione Dei. _lEspañol |
| 245 | 1 | 3 |
_aLa visión de Dios / _cNicolás de Cusa ; traducción e introducción de Ángel Luis González |
| 250 |
_aQuinta edición / _brevisada |
||
| 264 | 1 |
_aNavarra, España : _bEdiciones Universidad de Navarra, _c2007 |
|
| 300 | _a151 páginas ;22 cm | ||
| 336 |
_2rdacontent _atexto _btxt |
||
| 337 |
_2rdamedia _asin medio _bn |
||
| 338 |
_2rdacarrier _avolumen _bnc |
||
| 490 | 0 |
_aColección Filosófica ; _v89 |
|
| 600 | 0 | 4 |
_aDios _xHistoria de las doctrinas _yEdad media, 600-1500 |
| 600 | 0 | 4 | _aDios (Teoría del conocimiento) |
| 650 | 7 |
_2armarc _aIglesia _xHistoria _yEdad media, 600-1500 |
|
| 650 | 7 |
_2armarc _aMisticismo _xHistoria _yEdad media, 600-1500 |
|
| 650 | 7 |
_2armarc _aLo absoluto (Filosofía) |
|
| 700 | 1 |
_aGonzález, Ángel Luis, _etraductor |
|
| 765 | 0 |
_aCusa, Nicolás de, _tDe visione Dei. |
|
| 942 |
_2ddc _cLI _h231.76 _iN5818 |
||
| 999 |
_c61023 _d61023 |
||